| 000 -LEADER |
| fixed length control field |
01370pab a2200193 454500 |
| 008 - FIXED-LENGTH DATA ELEMENTS--GENERAL INFORMATION |
| fixed length control field |
180718b2002 xxu||||| |||| 00| 0 eng d |
| 100 ## - MAIN ENTRY--PERSONAL NAME |
| Personal name |
Englebert, Pierre |
| 245 ## - TITLE STATEMENT |
| Title |
Dismemberment and suffocation: a contribution to the debate on African boundaries |
| 260 ## - PUBLICATION, DISTRIBUTION, ETC. |
| Date of publication, distribution, etc. |
2002 |
| 300 ## - PHYSICAL DESCRIPTION |
| Extent |
p.1093-1118. |
| 362 ## - DATES OF PUBLICATION AND/OR SEQUENTIAL DESIGNATION |
| Dates of publication and/or sequential designation |
Dec |
| 520 ## - SUMMARY, ETC. |
| Summary, etc. |
Do African countries suffer from their arbitrary boundaries? The authors test several hypotheses from the debate on this question. They differentiate, one by one, the degree of arbitrariness of African boundaries along two axes: the extent to which they partition preexisting political groupings (dismemberment) and the degree to which they bring together distinct precolonial political cultures suffocation). They find that dismemberment is positively associated with international disputes and that suffocation magnifies the likelihood of civil wars, political instability, and secession attempts. The evidence appears to support claims that Africa has paid a substantial price for refusing to challenge some of the arbitrary boundaries it inherited from colonialism. The authors discuss the policy implications of their findings. - Reproduced. |
| 650 ## - SUBJECT ADDED ENTRY--TOPICAL TERM |
| Topical term or geographic name entry element |
Boundaries - Africa |
| 650 ## - SUBJECT ADDED ENTRY--TOPICAL TERM |
| Topical term or geographic name entry element |
Boundaries |
| 700 ## - ADDED ENTRY--PERSONAL NAME |
| Personal name |
Carter, Matthew |
| 700 ## - ADDED ENTRY--PERSONAL NAME |
| Personal name |
Tarango, Stacy |
| 773 ## - HOST ITEM ENTRY |
| Main entry heading |
Comparative Political Studies |
| 909 ## - |
| -- |
54935 |